01345nam a22001817a 450000500170000000800410001702000180005804000070007604100080008308200200009110000220011124500240013326000440015730000320020136500650023352008330029865000320113120250221111530.0250221b ||||| |||| 00| 0 eng d a9783658451356 cAL aeng 223a330.1bHOLN aVinzenz Von Holle aNew economic theory aSwitzerlandbSpringer Publicationc2024 axii,234p.bPBc23.5x15.5cm. 2Generala6383b₹4351.67c₹d₹55579.00e22%f06-02-2025 aThe standard economic theory, despite its many advantages, has a significant weakness: it is only of limited applicability to the economic reality of practice. Therefore, the book presents a new economic theory that is completely oriented towards the reality of economic practice. In this new theory, human beings are not just actors but constitute the central element from which the theory and everything else derive: work, production, consumption, demand, supply, exchange, trade, markets, stock exchanges, money, state economics, and global economics with all their complexities. Unlike the standard model, the new theory employs a holistic approach in its methodology. With this new and differentiated economic perspective and mindset, the new theory is capable of initiating a paradigm shift in the discipline of economics. 2Economicsa Economic Theory